| 000 | 00361nam a22001457a 4500 | ||
|---|---|---|---|
| 020 | _a13978-93-5103-858-0 | ||
| 082 |
_a001 _bGUP/S |
||
| 100 | _aGUPTA, VAISHALI | ||
| 245 | _aSCIENCE ACTIVITIES & EXPERIMENTS | ||
| 260 |
_aNEW YORK _bSCHOLASTIC |
||
| 300 | _a119 | ||
| 520 | _aSCIENCE QUIZ | ||
| 650 |
_aSCIENCE ACTIVITIES & EXPERIMENTS _zNEW YORK |
||
| 942 | _cBK | ||
| 999 |
_c6076 _d6076 |
||